00519nam a2200205 a 4500001001300000003000900013005001700022008004100039020001000080082001400090100002100104245004000125260004200165300000900207500003500216505001000251650001800261650001300279700002100292nice12345678IN_TiNIC20260116013553.0050524s1959 phia grp 000 0 eng  ac10000a230bHOR2 aHordern, William aCase for a New Reformation Theology aPhiladelphiabWestminster Pressc1959 a176p aincludes index and biblioraphy2 aIndex aNeo-Orthodoxy aTheology1 aHordern, William